| 000 | 00533nam a2200169 4500 | ||
|---|---|---|---|
| 003 | NUST | ||
| 038 | _aAtta | ||
| 082 | _aPhD-IT SOF | ||
| 100 |
_aSofia Aftab _920122 |
||
| 245 | _aGenes Expression Analysis for TB Diagnosis | ||
| 260 |
_aIslamabad _bNust School of Electrical Engineering and Computer Science _c2013 |
||
| 300 |
_a54 P _eCD-ROM |
||
| 500 | _aSupervisor ; Dr.Hammad Ahmad Qureshi | ||
| 700 |
_aDr. Hammad Ahmed Qureshi _920123 |
||
| 856 | _uhttp://10.250.8.41:8080/xmlui/handle/123456789/9824 | ||
| 942 |
_cPR _2ddc |
||
| 999 |
_c12235 _d12235 |
||